| 000 | 00535nam a2200181Ia 4500 | ||
|---|---|---|---|
| 005 | 20250923145031.0 | ||
| 008 | 008 250917s9999 xx 000 0 eng d | ||
| 037 | _aTextual | ||
| 040 |
_aDSWL _beng _cDSWL |
||
| 041 |
_aeng _2eng |
||
| 084 |
_aX;97DoaW.3'N5, N60 _qDSWL |
||
| 100 |
_aAllen, V L _9831105 |
||
| 245 | 0 |
_aTrade unions and the government _cby V L Allen |
|
| 260 |
_aLondon _bLongmans _c1960 |
||
| 300 | _axii,246 p. | ||
| 942 |
_cTEXL _hX;97DoaW.3'N5, N60 |
||
| 999 |
_c1446283 _d1446283 |
||